|
|
|
|
| LEADER |
00000cas a22000005a 4500 |
| 001 |
vtls008158810 |
| 003 |
SK-MaSNL |
| 005 |
20260228162103.0 |
| 008 |
050607c19992007xo x|p 0 b0slo |
| 040 |
|
|
|a SNK
|b slo
|c SNK
|e AACR2
|
| 041 |
0 |
|
|a slo
|
| 043 |
|
|
|a e-xo---
|
| 044 |
|
|
|a xo
|c SK
|
| 072 |
|
7 |
|a 352/354
|x Stupne miestnej, oblastnej a ústrednej správy
|2 konspekt
|
| 072 |
|
7 |
|a 394
|x Verejný a spoločenský život. Každodenný život
|2 konspekt
|
| 072 |
|
7 |
|a 316.7
|x Sociológia kultúry. Kultúrny život
|2 konspekt
|
| 080 |
|
|
|a 352
|2 2011
|
| 080 |
|
|
|a 394
|2 2011
|
| 080 |
|
|
|a 316.728
|2 2011
|
| 080 |
|
|
|a 050
|2 2011
|
| 080 |
|
|
|a (051)+(054)
|2 2011
|
| 080 |
|
|
|a (437.6)
|2 2011
|
| 245 |
0 |
0 |
|a Spravodajca obce Raková
|
| 260 |
|
|
|a Raková
|b Obecný úrad
|
| 310 |
|
|
|a Nepravidelne
|
| 362 |
0 |
|
|a [1999]-roč. 9, č. 1 (jan. 2007)
|
| 500 |
|
|
|a Popis podľa: Roč. 7, č. 1 (2005)
|
| 500 |
|
|
|a Podnázov v tiráži: občasník
|
| 610 |
1 |
7 |
|a Raková (Slovensko).
|b Obecný úrad
|2 SNKPHgeo
|9 170643
|
| 650 |
0 |
7 |
|a miestna správa
|2 SNKPH
|9 29496
|
| 650 |
0 |
7 |
|a spoločenský život
|2 SNKPH
|9 28654
|
| 650 |
0 |
7 |
|a miestne periodiká
|2 SNKPH
|9 270331
|
| 710 |
1 |
|
|a Raková (Slovensko).
|b Obecný úrad
|4 pbl
|9 170643
|
| 785 |
0 |
1 |
|t Spravodajca - Hlas Rakovej
|w vtls011824318
|
| 910 |
|
|
|a snk
|
| 999 |
|
|
|c 6764
|d 8694
|
| 952 |
|
|
|0 0
|1 0
|4 0
|7 0
|8 0
|a SNK
|b SNK
|d 2007-06-13
|i snk2007/15245
|l 0
|o snkČSB 5415/4/2002
|p 17A0478000
|r 2026-02-21 20:20:21
|t č. 2-4, neúplné
|w 2026-02-21
|y PREZ
|z Chýba č. 1
|
| 952 |
|
|
|0 0
|1 0
|4 0
|7 0
|8 0
|a SNK
|b SNK
|d 2007-06-13
|i snk2007/15246
|l 0
|o snkČSB 5415/5/2003
|p 17A0477998
|r 2026-02-21 20:20:21
|t len č. 3
|w 2026-02-21
|y PREZ
|
| 952 |
|
|
|0 0
|1 0
|4 0
|7 0
|8 0
|a SNK
|b SNK
|d 2007-06-13
|i snk2007/15247
|l 0
|o snkČSB 5415/6/2004
|p 17A0477999
|r 2026-02-21 20:20:21
|t č. 1-2
|w 2026-02-21
|y PREZ
|
| 952 |
|
|
|0 0
|1 0
|3 Spoločne zviazané r. 2005-2007
|4 0
|7 0
|8 0
|a SNK
|b SNK
|d 2019-03-07
|i snk2019/6239
|l 0
|o snkČSB 5415/7/2005
|p 17A1343287
|r 2026-02-21 21:51:11
|t č. 1-3
|w 2026-02-21
|y PREZ
|z Spoločne zviazané r. 2005-2007
|
| 952 |
|
|
|0 0
|1 0
|3 Spoločne zviazané r. 2005-2007
|4 0
|7 0
|8 0
|a SNK
|b SNK
|d 2019-03-07
|i snk2019/6239
|l 0
|o snkČSB 5415/8/2006
|p 17A1343288
|r 2026-02-21 21:51:11
|t č. 1-2
|w 2026-02-21
|y PREZ
|z Spoločne zviazané r. 2005-2007
|
| 952 |
|
|
|0 0
|1 0
|3 Spoločne zviazané r. 2005-2007
|4 0
|7 0
|8 0
|a SNK
|b SNK
|d 2019-03-07
|i snk2019/6239
|l 0
|o snkČSB 5415/9/2007
|p 17A1343289
|r 2026-02-21 21:51:11
|t len č. 1
|w 2026-02-21
|y PREZ
|z Spoločne zviazané r. 2005-2007
|